000 00674nam a2200169 i 4500
001 168280
003 ES-MaACL
005 20230906213732.0
008 051006s1885 sp | |||||||| ||spa d
040 _aCAM
_bspa
_cCAM
100 1 _aZuriaga, Manuel.
_9134061
245 1 3 _aLa profilaxis Ferrán
_b: el cólera experimental atenuado y la inmunidad del cólera natural /
_cpor Manuel Zuriaga.
260 _aValencia :
_b[s.n.],
_c1885 (
_fUnión Tipográfica, calle D. Ventura, núm. 1)
300 _a55, [1] p. ;
_c21 cm.
650 _aCólera-
_xPrevención.
_9139264
852 _aES-MaACL
_jT-426-F-5
_z-- Enc. hol., falto de la enc. original
_z-- Enc. en un vol. facticio
999 _c168280
_d168280